[Event "SWE-chT2 0809"]
[Site "Sweden"]
[Date "2009.01.17"]
[Round "4"]
[White "Edlund, Robin"]
[Black "Soderberg, Per"]
[Result "0-1"]
[WhiteElo "2240"]
[BlackElo "2230"]
[PlyCount "120"]
[EventDate "2008.10.25"]
[EventType "team-tourn"]
[EventRounds "9"]
[EventCountry "SWE"]
[SourceTitle "EXT 2011"]
[Source "ChessBase"]
[SourceDate "2010.11.26"]
[SourceVersion "1"]
[SourceVersionDate "2010.11.26"]
[SourceQuality "1"]

1. e4 c5 2. Nf3 d6 3. d4 cxd4 4. Nxd4 Nf6 5. Nc3 a6 6. Be3 e5 7. Nb3 Be6 8. f3 Be7 9. g4 d5 10. g5 d4 11. gxf6 Bxf6 12. Bf2 dxc3 13. Qxd8+ Bxd8 14. bxc3 Nd7 15. 0-0-0 Rc8 16. c4 Be7 17. Rg1 g6 18. Kb2 Nc5 19. Nxc5 Bxc5 20. Bxc5 Rxc5 21. Rd6 Ke7 22. Rb6 Rb8 23. Be2 Bxc4 24. Bxc4 Rxc4 25. Rd1 Rc6 26. Rxc6 bxc6+ 27. Kc3 f5 28. exf5 gxf5 29. Rg1 Kf6 30. Rd1 Kg5 31. Rd6 Rc8 32. Kd3 Kf4 33. Ke2 Rc7 34. Rh6 e4 35. fxe4 Kxe4 36. Rd6 Ke5 37. Rd3 Rg7 38. Kf3 Rg4 39. Ra3 Rc4 40. c3 c5 41. Ke3 Rh4 42. Rxa6 Rxh2 43. Rc6 f4+ 44. Kf3 Rh3+ 45. Ke2 Rxc3 46. a4 Re3+ 47. Kf2 Kd5 48. Rf6 Re4 49. a5 Ra4 50. a6 Ke5 51. Rc6 Kd4 52. Ke2 Kc4 53. Kd2 Ra2+ 54. Kc1 f3 55. Rf6 f2 56. Kb1 Rxa6 57. Rxf2 Rh6 58. Kc2 Rh3 59. Rf4+ Kb5 60. Rf7 Kb4 0-1

[Event "SWE-chB"]
[Site "Gothenburg"]
[Date "2005.??.??"]
[Round "12"]
[White "Akesson, Joel"]
[Black "Edlund, Robin"]
[Result "0-1"]
[WhiteElo "2345"]
[BlackElo "2206"]
[PlyCount "106"]
[EventDate "2005.07.02"]
[EventType "tourn"]
[EventRounds "13"]
[EventCountry "SWE"]
[SourceTitle "CBM 107 Extra"]
[Source "ChessBase"]
[SourceDate "2005.09.01"]
[SourceVersion "1"]
[SourceVersionDate "2005.09.01"]
[SourceQuality "1"]

1. d4 f5 2. Nc3 Nf6 3. Bg5 d5 4. Bxf6 exf6 5. e3 Be6 6. Qf3 Qd7 7. Bb5 Nc6 8. Nge2 0-0-0 9. Nf4 Bf7 10. Nd3 g6 11. a3 Qd6 12. b4 Kb8 13. Ne2 Ne7 14. Rc1 c6 15. Ba4 Nc8 16. Bb3 Nb6 17. a4 Nc4 18. Qg3 h5 19. Qxd6+ Bxd6 20. c3 h4 21. h3 g5 22. Bc2 b6 23. 0-0 Rde8 24. Rfe1 Bh5 25. Bb3 f4 26. Bxc4 dxc4 27. Nb2 fxe3 28. fxe3 b5 29. axb5 cxb5 30. Nd1 Rh7 31. Ra1 Kb7 32. d5 g4 33. hxg4 Bxg4 34. Nf2 Bd7 35. Nd4 Bg3 36. Re2 Rg7 37. Rea2 Bb8 38. Nd1 Reg8 39. e4 Rg3 40. Nc6 Bxc6 41. dxc6+ Kxc6 42. Rf2 Kb7 43. Kf1 Be5 44. Rfa2 Ra8 45. Rf2 a6 46. Rf5 Rd8 47. Rc1 Rgd3 48. Ke1 Kb6 49. Rf3 Rxf3 50. gxf3 h3 51. Ne3 Bf4 52. Ke2 Rd3 53. Nd5+ Rxd5 0-1

[Event "SWE-chB"]
[Site "Gothenburg"]
[Date "2005.??.??"]
[Round "9"]
[White "Edlund, Robin"]
[Black "Lind, Jan Olov"]
[Result "1/2-1/2"]
[WhiteElo "2206"]
[BlackElo "2218"]
[PlyCount "178"]
[EventDate "2005.07.02"]
[EventType "tourn"]
[EventRounds "13"]
[EventCountry "SWE"]
[SourceTitle "CBM 107 Extra"]
[Source "ChessBase"]
[SourceDate "2005.09.01"]
[SourceVersion "1"]
[SourceVersionDate "2005.09.01"]
[SourceQuality "1"]

1. e4 c5 2. Nf3 d6 3. d4 cxd4 4. Nxd4 Nf6 5. Nc3 g6 6. Be3 Bg7 7. f3 Nc6 8. Qd2 0-0 9. Bc4 Bd7 10. h4 Rc8 11. Bb3 Ne5 12. h5 Nxh5 13. 0-0-0 Nc4 14. Bxc4 Rxc4 15. g4 Nf6 16. Kb1 b5 17. b3 Rc5 18. Nde2 Qc7 19. g5 b4 20. gxf6 bxc3 21. Nxc3 Rxc3 22. fxg7 Rc8 23. Rc1 Qa5 24. Rh2 f6 25. Bd4 R3c5 26. Bxc5 Qxd2 27. Rxd2 Rxc5 28. c4 Be6 29. Rd4 Kxg7 30. b4 Rc7 31. c5 dxc5 32. bxc5 g5 33. Rc3 h5 34. Kc2 Bxa2 35. Kd3 Be6 36. Ke3 h4 37. Kf2 a6 38. c6 Bc8 39. Ra4 Kf7 40. Ra5 Ke6 41. f4 gxf4 42. Kf3 h3 43. Kxf4 Kf7 44. e5 h2 45. Ra1 Ke6 46. Rh1 fxe5+ 47. Ke4 Kd6 48. Rd1+ Ke6 49. Rdc1 Kf6 50. Rf3+ Kg5 51. Rh1 Rxc6 52. Rxh2 Rf6 53. Rg3+ Bg4 54. Rhg2 Rf4+ 55. Kxe5 a5 56. Ra2 a4 57. Rga3 Rf5+ 58. Ke4 Bd1 59. Rg2+ Kf6 60. Rg8 Bc2+ 61. Ke3 Rh5 62. Rc3 Rh3+ 63. Kd2 Rh2+ 64. Ke3 Bb3 65. Ra8 Rh4 66. Rc5 Bd1 67. Kd2 Rd4+ 68. Ke3 Rb4 69. Kd2 Bb3 70. Raa5 e6 71. Ke3 Rh4 72. Kd3 Ke7 73. Rc7+ Kd6 74. Rca7 Rf4 75. R7a6+ Ke7 76. Ke3 Rf1 77. Rxa4 Bxa4 78. Rxa4 Rh1 79. Ra7+ Kf6 80. Ke2 Kf5 81. Ra3 Rh2+ 82. Ke1 e5 83. Rb3 Kf4 84. Ra3 e4 85. Rb3 Ra2 86. Rc3 Ke5 87. Rb3 Kd4 88. Rh3 e3 89. Rh8 Kd3 1/2-1/2

[Event "SWE-chB"]
[Site "Gothenburg"]
[Date "2005.??.??"]
[Round "6"]
[White "Engstrom, Kaj"]
[Black "Edlund, Robin"]
[Result "0-1"]
[WhiteElo "2287"]
[BlackElo "2206"]
[PlyCount "102"]
[EventDate "2005.07.02"]
[EventType "tourn"]
[EventRounds "13"]
[EventCountry "SWE"]
[SourceTitle "CBM 107 Extra"]
[Source "ChessBase"]
[SourceDate "2005.09.01"]
[SourceVersion "1"]
[SourceVersionDate "2005.09.01"]
[SourceQuality "1"]

1. e4 e6 2. d4 d5 3. Nc3 Nf6 4. Bg5 Bb4 5. exd5 Qxd5 6. Bxf6 Bxc3+ 7. bxc3 gxf6 8. Qf3 Qxf3 9. Nxf3 b6 10. g3 Bb7 11. Bg2 Nd7 12. Nh4 0-0-0 13. 0-0-0 b5 14. Rhe1 Nb6 15. Bxb7+ Kxb7 16. Rd3 Rd6 17. Nf3 Nc4 18. Nd2 Nxd2 19. Kxd2 Rg8 20. Rf3 Rg6 21. Kc1 Rd5 22. Re4 Rh5 23. Ref4 f5 24. h4 Kc6 25. Re3 Rg4 26. Rxg4 fxg4 27. Re4 Rf5 28. Rxg4 Rxf2 29. Rg7 h5 30. Rg5 Rg2 31. Rc5+ Kb6 32. Rxh5 Rxg3 33. d5 exd5 34. Rxd5 Rxc3 35. Rd3 Rc5 36. Rh3 Rh5 37. Kd2 Kc5 38. Ke3 Kd5 39. Kf4 f5 40. Rd3+ Kc4 41. Rh3 Kd5 42. Rd3+ Ke6 43. Kg3 a5 44. Rd8 c6 45. Ra8 a4 46. c4 bxc4 47. Rxa4 Kd5 48. Kf3 Rxh4 49. Ra8 c3 50. Ke2 Rh2+ 51. Kd3 c2 0-1

[Event "SWE-chB"]
[Site "Gothenburg"]
[Date "2004.07.15"]
[Round "6"]
[White "Palmblad, Jan Peter"]
[Black "Edlund, Robin"]
[Result "1/2-1/2"]
[WhiteElo "2160"]
[BlackElo "2237"]
[PlyCount "126"]
[EventDate "2004.07.10"]
[EventType "tourn"]
[EventRounds "13"]
[EventCountry "SWE"]
[EventCategory "1"]
[SourceTitle "CBM 101 Extra"]
[Source "ChessBase"]
[SourceDate "2004.09.01"]
[SourceVersion "2"]
[SourceVersionDate "2004.09.01"]
[SourceQuality "1"]

1. e4 c5 2. Nf3 Nc6 3. d4 cxd4 4. Nxd4 e5 5. Nb5 d6 6. N1c3 Nf6 7. Bg5 a6 8. Na3 b5 9. Bxf6 gxf6 10. Nd5 Bg7 11. Bd3 Ne7 12. Nxe7 Qxe7 13. 0-0 0-0 14. c3 f5 15. Nc2 Rb8 16. Qh5 fxe4 17. Bxe4 f5 18. Bd5+ Kh8 19. f4 a5 20. a3 Bd7 21. Rae1 Rbc8 22. Kh1 Rc5 23. Qd1 Be6 24. Bxe6 Qxe6 25. Nd4 Qh6 26. fxe5 Bxe5 27. Nf3 Qf6 28. Qd3 Rc4 29. Qd5 Rc5 30. Qd3 Rc4 31. Qd5 Rc5 32. Qb7 Rg8 33. Re2 a4 34. Qd7 Rd8 35. Qb7 Rg8 36. Qd7 Rd8 37. Qa7 Rdc8 38. Rd1 R8c7 39. Qa8+ Rc8 40. Qb7 R8c7 41. Qb6 R7c6 42. Qa5 Rc8 43. Qb4 R8c7 44. Rde1 Rc8 45. Rf1 R8c7 46. Rd1 Rc8 47. Kg1 Qg7 48. Nxe5 dxe5 49. Rd8+ Rxd8 50. Qxc5 e4 51. Qxf5 Qa7+ 52. Kf1 Rd1+ 53. Re1 Rxe1+ 54. Kxe1 Qe3+ 55. Kd1 Qd3+ 56. Kc1 Qe3+ 57. Kb1 Qd3+ 58. Ka2 Kg7 59. h4 Qc4+ 60. Ka1 Qd3 61. h5 Qd1+ 62. Ka2 Qb3+ 63. Kb1 Qd1+ 1/2-1/2

[Event "SWE-chB"]
[Site "Gothenburg"]
[Date "2004.07.10"]
[Round "1"]
[White "Johansson, Gunnar"]
[Black "Edlund, Robin"]
[Result "1-0"]
[WhiteElo "2242"]
[BlackElo "2237"]
[PlyCount "51"]
[EventDate "2004.07.10"]
[EventType "tourn"]
[EventRounds "13"]
[EventCountry "SWE"]
[EventCategory "1"]
[SourceTitle "CBM 101 Extra"]
[Source "ChessBase"]
[SourceDate "2004.09.01"]
[SourceVersion "2"]
[SourceVersionDate "2004.09.01"]
[SourceQuality "1"]

1. e4 c5 2. Nf3 Nc6 3. c3 Qa5 4. Bd3 Nf6 5. 0-0 g6 6. Re1 Bg7 7. Bc2 d6 8. h3 Nd7 9. d3 b5 10. Nbd2 Qb6 11. Nf1 b4 12. Ne3 bxc3 13. bxc3 Bxc3 14. Nd5 Qa5 15. Nxc3 Qxc3 16. Rb1 Qg7 17. Ba4 Ncb8 18. d4 0-0 19. dxc5 Nxc5 20. Bb2 Qh6 21. Qd4 f6 22. Qd5+ Be6 23. Qxa8 Nxa4 24. Bc1 Nd7 25. Qxa7 Qh5 26. Qxa4 1-0

[Event "Spiltan & Pelaro op"]
[Site "Sweden"]
[Date "2003.06.15"]
[Round "5"]
[White "Edlund, Robin"]
[Black "Wengholm, Anders"]
[Result "1-0"]
[WhiteElo "2188"]
[BlackElo "2240"]
[PlyCount "113"]
[EventDate "2003.06.12"]
[EventType "swiss"]
[EventRounds "7"]
[EventCountry "SWE"]
[SourceTitle "EXT 2005"]
[Source "ChessBase"]
[SourceDate "2004.11.15"]
[SourceVersion "1"]
[SourceVersionDate "2004.11.15"]
[SourceQuality "1"]

1. Nc3 c5 2. Nf3 d6 3. d4 cxd4 4. Nxd4 g6 5. g3 Bd7 6. Bg2 Nc6 7. Nxc6 bxc6 8. Qd4 Nf6 9. Ne4 Bg7 10. Bg5 Qa5+ 11. c3 Qf5 12. Bxf6 Bxf6 13. Nxf6+ Qxf6 14. Qxf6 exf6 15. 0-0-0 Ke7 16. Rd4 Rhd8 17. Rhd1 Be8 18. Re4+ Kd7 19. Rd3 f5 20. Red4 Kc7 21. Re3 Kd7 22. h4 h5 23. Red3 Kc7 24. Rf4 Bd7 25. Rfd4 Be6 26. Ra4 d5 27. Ra5 Kb6 28. b4 Re8 29. Bf3 Bc8 30. c4 dxc4 31. Rda3 Re6 32. Kc2 Rd6 33. Kc3 a6 34. Kxc4 Be6+ 35. Kc3 Bd5 36. Bxd5 Rxd5 37. Rxd5 cxd5 38. Ra5 Rc8+ 39. Kd3 Rc1 40. Rxd5 Rd1+ 41. Kc4 Rxd5 42. Kxd5 Kb5 43. Ke5 Kxb4 44. Kf6 Ka3 45. Kxf7 Kxa2 46. Kxg6 a5 47. Kxf5 Kb3 48. e4 a4 49. e5 a3 50. e6 a2 51. e7 a1Q 52. e8Q Qd1 53. Qe3+ Kc4 54. Qf4+ Kd5 55. Kg5 Ke6 56. Qf6+ Kd7 57. Qf7+ 1-0

[Event "Spiltan & Pelaro op"]
[Site "Sweden"]
[Date "2003.06.14"]
[Round "4"]
[White "Johansson, Robin"]
[Black "Edlund, Robin"]
[Result "0-1"]
[WhiteElo "1912"]
[BlackElo "2188"]
[PlyCount "80"]
[EventDate "2003.06.12"]
[EventType "swiss"]
[EventRounds "7"]
[EventCountry "SWE"]
[SourceTitle "EXT 2005"]
[Source "ChessBase"]
[SourceDate "2004.11.15"]
[SourceVersion "1"]
[SourceVersionDate "2004.11.15"]
[SourceQuality "1"]

1. e4 c5 2. Nc3 Nc6 3. g3 g6 4. Bg2 Bg7 5. d3 d6 6. h3 e6 7. Nge2 Nge7 8. 0-0 0-0 9. Be3 Nd4 10. Qd2 Rb8 11. Bh6 Bxh6 12. Qxh6 Nxc2 13. Rac1 Nd4 14. Nxd4 cxd4 15. Ne2 e5 16. f4 f6 17. g4 Kh8 18. fxe5 dxe5 19. Qh4 g5 20. Qg3 Ng6 21. Rf2 Bd7 22. Rcf1 Rc8 23. Qh2 Bb5 24. Nc1 Nf4 25. h4 Qd7 26. Qg3 Rc7 27. hxg5 fxg5 28. Ne2 Rg8 29. Bh3 Qe7 30. Kh1 Rc6 31. Nxf4 gxf4 32. Qf3 Qg5 33. Rh2 Rc7 34. Rg1 Bd7 35. Qd1 Be6 36. Rc2 Rxc2 37. Qxc2 Qh4 38. Qh2 h5 39. Rg2 hxg4 40. Qg1 g3 0-1

[Event "SWE-chT 0102"]
[Site "Sweden"]
[Date "2002.03.16"]
[Round "10"]
[White "Edlund, Robin"]
[Black "Borvander, Tom"]
[Result "0-1"]
[WhiteElo "2120"]
[BlackElo "2224"]
[PlyCount "98"]
[EventDate "2001.10.12"]
[EventType "team-tourn"]
[EventRounds "11"]
[EventCountry "SWE"]
[SourceTitle "EXT 2003"]
[Source "ChessBase"]
[SourceDate "2002.11.25"]
[SourceVersion "1"]
[SourceVersionDate "2002.11.25"]
[SourceQuality "1"]
[WhiteTeam "Eskilstuna"]
[BlackTeam "Kamraterna"]
[WhiteTeamCountry "SWE"]
[BlackTeamCountry "SWE"]

1. e4 e5 2. Nf3 Nc6 3. Bb5 a6 4. Ba4 Nf6 5. 0-0 b5 6. Bb3 Bc5 7. c3 d6 8. d4 Bb6 9. h3 Bb7 10. Re1 0-0 11. Bg5 h6 12. Bh4 g5 13. Bg3 Re8 14. d5 Ne7 15. h4 g4 16. Nh2 Bc8 17. Nd2 Kh7 18. Ndf1 Rg8 19. Ne3 Bd7 20. Bc2 Qf8 21. Nhf1 Qg7 22. Qd3 Kh8 23. a4 Nh5 24. Nf5 Nxf5 25. exf5 f6 26. Qe4 Raf8 27. axb5 axb5 28. Bd3 Qh7 29. Ne3 Ng7 30. Rf1 h5 31. b4 Ra8 32. Rac1 Ra3 33. Bb1 Rga8 34. Kh1 Qh6 35. Qd3 Re8 36. Qe2 e4 37. Nc2 Rxc3 38. Qe1 Rd3 39. Ne3 Bxe3 40. Rxc7 Bd2 41. Qe2 Rxg3 42. Rxd7 Rb3 43. Rd1 Rxb4 44. Rxd6 Nxf5 45. Re6 Rxe6 46. dxe6 Qf4 47. Bc2 Rd4 48. Qxb5 Rd8 49. Qc5 g3 0-1

[Event "SWE-chT 0102"]
[Site "Sweden"]
[Date "2002.01.19"]
[Round "6"]
[White "Edlund, Robin"]
[Black "Sjoberg, Mats"]
[Result "1-0"]
[WhiteElo "2120"]
[BlackElo "2363"]
[PlyCount "131"]
[EventDate "2001.10.12"]
[EventType "team-tourn"]
[EventRounds "11"]
[EventCountry "SWE"]
[SourceTitle "EXT 2003"]
[Source "ChessBase"]
[SourceDate "2002.11.25"]
[SourceVersion "1"]
[SourceVersionDate "2002.11.25"]
[SourceQuality "1"]
[WhiteTeam "Eskilstuna"]
[BlackTeam "Stockholm Rockaden"]
[WhiteTeamCountry "SWE"]
[BlackTeamCountry "SWE"]

1. e4 c5 2. Nf3 e6 3. d4 cxd4 4. Nxd4 Nc6 5. Nb5 d6 6. Bf4 e5 7. Be3 a6 8. N5c3 Nf6 9. Nd2 Be6 10. Nc4 b5 11. Nb6 Rb8 12. Nbd5 Ne7 13. Nxf6+ gxf6 14. a4 b4 15. Nd5 Nxd5 16. exd5 Bc8 17. a5 f5 18. Ba7 Ra8 19. Bb6 Qh4 20. Be2 Bb7 21. 0-0 Rg8 22. c3 Bh6 23. g3 bxc3 24. bxc3 Rc8 25. Ra4 f4 26. Qd3 Qh3 27. Re1 fxg3 28. fxg3 Kf8 29. Rf1 Bf4 30. Rf3 Rg6 31. Bf1 Qd7 32. Ra2 Kg8 33. Bg2 Re8 34. Rf1 Bh6 35. Raf2 Rg7 36. Be4 Bc8 37. Bf5 Qb7 38. Qe4 Bxf5 39. Rxf5 Qc8 40. c4 Bg5 41. Kg2 Bd8 42. c5 dxc5 43. Rxe5 Rxe5 44. Qxe5 Bg5 45. Re1 Rg6 46. Qe8+ Qxe8 47. Rxe8+ Kg7 48. Bxc5 Bd2 49. d6 Bxa5 50. d7 Rc6 51. Bd4+ Kg6 52. d8Q Bxd8 53. Rxd8 Rc2+ 54. Kh3 Rc6 55. Rd5 f6 56. Kg4 Re6 57. Kf4 h5 58. Kf3 Rc6 59. Kg2 Re6 60. Kh3 Rc6 61. Be3 Rc8 62. Kh4 Rc2 63. h3 Rc4+ 64. Bf4 Rc8 65. Rxh5 Ra8 66. Ra5 1-0

[Event "Budapest FS04 Elo"]
[Site "Budapest"]
[Date "2002.??.??"]
[Round "4"]
[White "Edlund, Robin"]
[Black "Varga, Csaba"]
[Result "1-0"]
[WhiteElo "2115"]
[BlackElo "2085"]
[PlyCount "79"]
[EventDate "2002.04.02"]
[EventType "tourn"]
[EventRounds "9"]
[EventCountry "HUN"]
[SourceTitle "EXT 2003"]
[Source "ChessBase"]
[SourceDate "2002.11.25"]
[SourceVersion "1"]
[SourceVersionDate "2002.11.25"]
[SourceQuality "1"]

1. e4 c5 2. Nf3 d6 3. d4 cxd4 4. Nxd4 Nf6 5. Nc3 a6 6. Bc4 e6 7. Bb3 Qc7 8. 0-0 b5 9. f4 b4 10. Na4 Nxe4 11. f5 e5 12. Qe2 Bb7 13. Nf3 d5 14. Be3 d4 15. Bxd4 exd4 16. Ng5 Bd6 17. Bxf7+ Ke7 18. f6+ gxf6 19. Nxe4 Bxh2+ 20. Kh1 Be5 21. Nxf6 Qd6 22. Rae1 Nd7 23. Nxd7 Qh6+ 24. Qh5 Qxh5+ 25. Bxh5 Kxd7 26. Nc5+ Kc7 27. Nxb7 Kxb7 28. Bf3+ Ka7 29. Bxa8 Bg3 30. Bd5 Bxe1 31. Rxe1 Kb6 32. Bc4 Rc8 33. Bd3 Rc6 34. Kh2 h5 35. Re5 h4 36. Kh3 Rh6 37. Re4 Kc5 38. Rxh4 Re6 39. Rh5+ Kb6 40. Rd5 1-0

[Event "Budapest FS04 Elo"]
[Site "Budapest"]
[Date "2002.??.??"]
[Round "6"]
[White "Radojevic, Zoran"]
[Black "Edlund, Robin"]
[Result "0-1"]
[WhiteElo "2195"]
[BlackElo "2115"]
[PlyCount "88"]
[EventDate "2002.04.02"]
[EventType "tourn"]
[EventRounds "9"]
[EventCountry "HUN"]
[SourceTitle "EXT 2003"]
[Source "ChessBase"]
[SourceDate "2002.11.25"]
[SourceVersion "1"]
[SourceVersionDate "2002.11.25"]
[SourceQuality "1"]

1. e4 c5 2. Nf3 Nc6 3. d4 cxd4 4. Nxd4 Nf6 5. Nc3 e5 6. Ndb5 d6 7. Bg5 a6 8. Na3 b5 9. Nd5 Be7 10. Bxf6 Bxf6 11. c3 0-0 12. Nc2 Bg5 13. Bd3 Rb8 14. 0-0 Be6 15. Nce3 a5 16. Kh1 Rb7 17. f4 exf4 18. Nxf4 Bxf4 19. Rxf4 Qg5 20. Rf3 Ne5 21. Rg3 Qe7 22. Qe2 b4 23. Nf5 Bxf5 24. exf5 Qf6 25. Rc1 bxc3 26. bxc3 Re7 27. Qc2 Rfe8 28. Bb5 Rb8 29. a4 Rc8 30. Qd2 h6 31. Qd4 Nd7 32. Qxf6 Nxf6 33. Kg1 Rc5 34. Rd1 Rxf5 35. Rgd3 Ne4 36. Rd5 Rxd5 37. Rxd5 Re5 38. Rd3 Rc5 39. c4 f5 40. Rd4 Kf7 41. g4 Kf6 42. gxf5 Kxf5 43. Rd1 Kf4 44. Rf1+ Ke3 0-1